000
00332nam a2200121Ia 4500
008
180201s9999||||xx |||||||||||||| ||und||
020
_c
NT360
_a
978-986-359-314-0
100
_a
馬新嵐
245
0
_c
馬新嵐
_a
面對人生,我們都是毫無準備的大人
250
_a
初版
260
_c
2016.11
_a
新北市
300
_c
cm.
_a
p.
942
_2
ccl
_c
BOOK
999
_c
1126
_d
1126